|
|
|
|
| LEADER |
00000ny a22000003n 4500 |
| 003 |
OCoLC |
| 005 |
20110513102159.0 |
| 008 |
820929c1889 meud ne 0 a0eng |
| 010 |
|
|
|a sn 82015898
|z sn 82016145
|
| 022 |
0 |
|
|a 0892-8738
|
| 035 |
|
|
|a 4274
|
| 040 |
|
|
|a NYS
|d vLex
|
| 043 |
|
|
|a n-us-me
|
| 090 |
|
|
|c 1832
|d 1832
|
| 245 |
3 |
4 |
|a The Bangor daily news
|h [Recurso electrn̤ico]
|
| 246 |
3 |
0 |
|a Maine weekend
|
| 246 |
3 |
0 |
|a Bangor daily news
|
| 246 |
3 |
0 |
|a Bangor daily news (Bangor, Me.)
|
| 256 |
|
|
|a Servicio en ln̕ea
|
| 260 |
|
|
|a Bangor, Me. :
|b [Bangor Pub. Co.]
|
| 310 |
|
|
|a Diario
|
| 506 |
1 |
|
|a Contenido solo disponible en los productos indicados
|d vLex Global
|d vLex Global (Academic Edition, excluding Law Schools)
|d vLex Global (U.S. Academic Edition, excluding Law Schools)
|
| 650 |
0 |
4 |
|a Prensa
|z Estados Unidos
|x Publicaciones perid̤icas
|
| 740 |
0 |
|
|a vLex Revista (Servicios en ln̕ea)
|
| 780 |
0 |
5 |
|t Bangor daily whig & courier
|g 1900
|
| 843 |
|
|
|a Electrn̤ica. Abierta
|
| 853 |
|
|
|8 1
|i (year)
|j (month)
|k (day)
|
| 856 |
4 |
0 |
|z Acceso restringido
|u http://vlex.com/account/login_ip?fuente_id=4274
|
| 942 |
|
|
|c REV
|
| 999 |
|
0 |
|a Bangor (Me.)
|v Newspapers.
|